| 000 | 00564nam a2200181Ia 4500 | ||
|---|---|---|---|
| 003 | GCL | ||
| 008 | 140319s9999 xx 000 0 ara d | ||
| 020 | _a8396291977 | ||
| 040 |
_aGCL / _cGCL |
||
| 082 | 0 | 4 |
_a812.042 _bم ا |
| 100 | 1 | _aمحمد المسلمى | |
| 245 | 1 | 0 |
_aآه ياوطن / _cمحمد المسلمى |
| 260 |
_aالقاهرة : _bمركز الحضارة العربية للاعلام والنشر ، _c2002 |
||
| 300 |
_a88 ص ؛ _c20 سم |
||
| 650 | 0 | 4 | _aالمسرحيات |
| 650 | 0 | 4 | _aالمسرحيات العربية |
| 942 |
_2ddc _cBK |
||
| 999 |
_c5302 _d5302 |
||